Statistiques concernant Fan de sucre

Cliquez ici pour prendre le quiz!

Statistiques générales

  • Ce quiz a été pris 72 fois
  • Le résultat moyen est 11 sur 13

Statistiques - réponses

Réponse% Correct
Chocolat blanc
98%
Caramel
97%
Chocolat noir
97%
Cookie
95%
Nougat
95%
Glace
94%
Donut
89%
Chocolat au lait
87%
Crepe
81%
Sucette
81%
Beignet
75%
Pancake
75%
Guimauve
57%

Distribution des résultats

Percentile par nombre de réponses

% des personnes avec chaque résultat

Votre développement - résultats

Vous n’avez pas pris ce quiz